Dinamarca / (Record no. 56620)

MARC details
000 -LEADER
campo de control de longitud fija 00521nam a2200157 i 4500
001 - NÚMERO DE CONTROL
campo de control 56620
003 - IDENTIFICADOR DE NÚMERO DE CONTROL
campo de control ES-MaACL
005 - FECHA Y HORA DE LA ÚLTIMA TRANSACCIÓN
campo de control 20230906163419.0
007 - CAMPO FIJO DE DESCRIPCIÓN FÍSICA--INFORMACIÓN GENERAL
campo de control de longitud fija t|
008 - DATOS DE LONGITUD FIJA--INFORMACIÓN GENERAL
campo de control de longitud fija 031010s1954 dk abf |||| | spa d
245 00 - MENCIÓN DEL TÍTULO
Título Dinamarca /
Mención de responsabilidad, etc. publicado por el Real Ministerio de Asuntos Exteriores de Dinamarca ...
260 ## - PUBLICACIÓN, DISTRIBUCIÓN, ETC.
Lugar de publicación, distribución, etc. Copenhague :
Nombre del editor, distribuidor, etc. Ministerio de Asuntos Exteriores,
Fecha de publicación, distribución, etc. 1954 (
Fabricante Bianco Luno)
300 ## - DESCRIPCIÓN FÍSICA
Extensión 322 p., 2 lám :
Otras características físicas il., map. ;
Dimensiones 19 cm.
651 #4 - PUNTO DE ACCESO ADICIONAL DE MATERIA--NOMBRE GEOGRÁFICO
Nombre geográfico Dinamarca-
Subdivisión general Descripción.
9 (RLIN) 137123
852 ## - LOCALIZACIÓN
Ubicación ES-MaACL
Número de control de estantería C-10619
Holdings
Estatus retirado Estado de pérdida Estado de daño No para préstamo Biblioteca de origen Biblioteca actual Ubicación en estantería Fecha de adquisición Fuente de adquisición Total de préstamos Signatura topográfica completa Código de barras Visto por última vez Precio de reemplazo Tipo de ítem Koha
        Biblioteca del Ateneo de Madrid Biblioteca del Ateneo de Madrid Sala Palomar 17/01/2008     C-10619 1059461 23/02/2023 23/02/2023 Libro impreso